000 00549nam a2200181Ia 4500
008 090124s9999 xx 000 0 und d
082 _b110757
100 _aसरदेसाई लक्ष्मणराव
245 _a सोनेरी ऊन
250 _a1
260 _c1964
300 _a160
600 _aसरदेसाई लक्ष्मणराव
630 _a सोनेरी ऊन
700 _aसरदेसाई लक्ष्मणराव
730 _a सोनेरी ऊन
942 _cBOOK
999 _c156848
_d156848